明治通りの交差点 - Statistics

General Stats
  • This quiz has been taken 15 times
  • The average score is 10 of 33
Answer Stats
所在地 交差する道路 交差点名 % Correct
新宿区 新宿通り 新宿三丁目
67%
港区 外苑西通り 天現寺橋
58%
江東区 湾岸道路(国道357号) 夢の島
58%
港区 麻布通り 古川橋
50%
渋谷区 駒沢通り 渋谷橋
50%
渋谷区 青山通り/玉川通り (国道246号) 渋谷駅東口
50%
新宿区 靖国通り 新宿五丁目
50%
豊島区 白山通り/中仙道(国道17号) 西巣鴨
50%
北区 本郷通り 飛鳥山
50%
新宿区 甲州街道(国道20号) 新宿四丁目
42%
新宿区 職安通り 新宿七丁目
42%
北区 北本通り(国道122号) 王子駅前
42%
豊島区 春日通り/川越街道(国道254号) 池袋六ツ又陸橋
33%
江東区 京葉道路(国道14号) 亀戸駅前
33%
江東区 永代通り 日曹橋
33%
新宿区 新目白通り 高戸橋
25%
豊島区 目白通り 千登世橋
25%
台東区 川の手通り 白鬚橋西詰
25%
墨田区 四ツ目通り 京島
25%
江東区 清洲橋通り 境川
25%
墨田区 墨堤通り 白鬚橋東詰
17%
墨田区 水戸街道(国道6号) 東向島
17%
江東区 葛西橋通り 南砂四丁目
17%
新宿区 大久保通り 大久保二丁目
8%
新宿区 早稲田通り 馬場口
8%
北区 日産通り 溝田橋
8%
北区 尾久橋通り 田端新町一丁目
8%
荒川区 尾竹橋通り道灌山通り 宮地
8%
台東区 昭和通り/日光街道(国道4号) 大関横丁
8%
墨田区 丸八通り 小村井
8%
江東区 浅草通り 福神橋
8%
江東区 蔵前橋通り 亀戸四丁目
8%
江東区 新大橋通り 区民センター前
8%
No matching quizzes found
Score Distribution
Percent of People with Each Score
Percentile by Number Answered
Your Score History
You have not taken this quiz